Statistiche per Riconosci il Pokémon - Quiz n°2

Clicka qui per fare il quiz!

Statistiche generali

  • Questo quiz è stato fatto 8 volte
  • Il punteggio medio è 5 su 10

Statistiche sulle risposte

IndizioRisposta% Corretto
GenerazioneNona
100%
TipoVeleno / Normale
75%
AbilitàAgiltecnica; Arraffalesto; Burla
63%
Stadio evoluzioneForma Base
63%
Altezza0,2 m
50%
Sesso50% ♂, 50% ♀
50%
Peso
0,7 kg
50%
Tasso di cattura190 (35.2%)
38%
Tasso di allevamentoMedio-Lento
38%
PokémonShroodle
13%

Distribuzione punteggi

Percentile per numero di risposta

Percentuale di utenti per punteggio

I tuoi punteggi nel tempo

Non hai fatto questo quiz